000 00316nam a22001337a 4500
008 170823b xxu||||| |||| 00| 0 eng d
020 _a1886018308
041 _aeng
080 _a51
100 _a38
101 _aMAT
245 _aCALCULUS CONCPTS AND CALCULUS AND CALCULATOR
_cCARTER.S
942 _2udc
_cBK
999 _c24647
_d24647